000 00729nam a2200217 4500
001 145192
003 ES-MaACL
005 20250815001141.0
007 t|
008 070214s1955 sp r ||||1| spa d
100 1 _aSouthern, R. W.
_9107587
245 1 3 _aLa formación de la Edad Media /
_cR.W. Southern ; traducción de Fernando Vela ; con el asesoramiento de Luis Vázquez de Parga.
260 _aMadrid :
_bRevista de Occidente,
_c1955.
300 _a296 p., 5 lám. ;
_c22 cm.
650 7 _aHistoria medieval
_2embne
_913411
650 4 _aCivilización medieval.
_9146249
700 1 _aVela, Fernando.
_9113674
700 1 _aVázquez de Parga, Luis.
_9113422
852 _aES-MaACL
_jC-9517
999 _c145192
_d145192